000
00333 a2200109 4500
001
ART_7494
005
20260410161720.0
008
260409a
245
1
0
_a
Los sistemas contables integrados
100
1
_a
D´Onofrio, Paula Alejandra
773
0
_t
Contabilidad y auditoría
_g
- Año 8, Nº 16 (dic. 2002)
_w
REV1723
999
_c
16871
_d
16871